000 00201nam a2200085Ia 4500
008 200302s9999 xx 000 0 und d
100 _aRobert K Cooper
245 _aThe performrnce edge
260 _bPublisher
999 _c740
_d740